Catálogo público

Trapiche El Panelero, San José de Pare, Boyacá, Colombia / (Record no. 217593)

MARC details
000 -CABECERA
campo de control de longitud fija 02264nam a2200397 a 4500
003 - IDENTIFICADOR DEL NÚMERO DE CONTROL
campo de control CHAP
005 - FECHA Y HORA DE LA ÚLTIMA TRANSACCIÓN
campo de control 20240520133749.0
007 - CAMPO FIJO DE DESCRIPCIÓN FÍSICA--INFORMACIÓN GENERAL
campo de control de longitud fija ta
008 - DATOS DE LONGITUD FIJA--INFORMACIÓN GENERAL
campo de control de longitud fija 220810s2020 mx eodbfr|||| 001 0 spa d
040 ## - FUENTE DE LA CATALOGACIÓN
Centro catalogador/agencia de origen mxchpua
090 ## - LOCALMENTE ASIGNADO TIPO-LC NÚMERO DE CLASIFICACIÓN (OCLC); NÚMERO DE CLASIFICACIÓN LOCAL (RLIN)
Número de clasificación (OCLC) (R) ; Numero de clasificación, CALL (RLIN) (NR) T.C.851
Número cutter local (OCLC) ; Número de libro/Signatura topográfica íntegra, CALL (RLIN) V45 EIUPA
Año 2020
245 10 - MENCIÓN DE TÍTULO
Título Trapiche El Panelero, San José de Pare, Boyacá, Colombia /
Mención de responsabilidad, etc. coordinadora Alejandra Velázquez Castillo ; colaboradores Karen Antonio Fernández...[et al.]
260 ## - PUBLICACIÓN, DISTRIBUCIÓN, ETC.
Lugar de publicación, distribución, etc. Chapingo, México :
Nombre del editor, distribuidor, etc. El autor,
Fecha de publicación, distribución, etc. 2020
300 ## - DESCRIPCIÓN FÍSICA
Extensión 201 hojas :
Otras características físicas mapas, gráficas, planos
336 ## - TIPO DE CONTENIDO
Fuente rdacontent
Término de tipo de contenido texto
Código de tipo de contenido txt
337 ## - TIPO DE MEDIO
Fuente rdamedia
Nombre/término del tipo de medio no mediado
Código del tipo de medio n
338 ## - TIPO DE SOPORTE
Fuente rdacarrier
Nombre/término del tipo de soporte volume
Código del tipo de soporte nc
500 ## - NOTA GENERAL
Nota general Grado 7°
502 ## - NOTA DE TESIS
Nota de tesis Viaje de Estudios
Tipo de título (EIUPA) --
Nombre de la institución que otorga el título UACh. Departamento de Ingeniería Agroindustrial,
Año de obtención del título 2020
504 ## - NOTA DE BIBLIOGRAFÍA, ETC.
Nota de bibliografía, etc. Bibliografía: h. 83-86
505 0# - NOTA DE CONTENIDO CON FORMATO
Nota de contenido con formato 5 planos --<br/>1. Plano de áreas (Esc. 1:100) --<br/>2. Plano de propuesta de áreas (Esc. 1:100) --<br/>3. Plano de Distribución de equipo (Esc. 1:100) --<br/>4. Plano de Diagrama de recorrido (Esc. 1:100) --<br/>5. Plano de Diagrama de flujo
650 13 - PUNTO DE ACCESO ADICIONAL DE MATERIA--TÉRMINO DE MATERIA
Término de materia o nombre geográfico como elemento de entrada Panela
Subdivisión geográfica Colombia
650 13 - PUNTO DE ACCESO ADICIONAL DE MATERIA--TÉRMINO DE MATERIA
Término de materia o nombre geográfico como elemento de entrada Industria azucarera
Subdivisión geográfica Colombia
-- Boyacá
650 13 - PUNTO DE ACCESO ADICIONAL DE MATERIA--TÉRMINO DE MATERIA
Término de materia o nombre geográfico como elemento de entrada Productos de azúcar
Subdivisión general Organización industrial y estructura de mercado
Subdivisión geográfica Colombia
650 13 - PUNTO DE ACCESO ADICIONAL DE MATERIA--TÉRMINO DE MATERIA
Término de materia o nombre geográfico como elemento de entrada Jaggery
Subdivisión geográfica Colombia
650 13 - PUNTO DE ACCESO ADICIONAL DE MATERIA--TÉRMINO DE MATERIA
Término de materia o nombre geográfico como elemento de entrada Sugar industry
Subdivisión geográfica Colombia
-- Boyacá
650 13 - PUNTO DE ACCESO ADICIONAL DE MATERIA--TÉRMINO DE MATERIA
Término de materia o nombre geográfico como elemento de entrada Sugar products
Subdivisión general Industrial organization and market structure
Subdivisión geográfica Colombia
700 1# - PUNTO DE ACCESO ADICIONAL--NOMBRE DE PERSONA
Nombre de persona Velázquez Castillo, Alejandra
Término indicativo de función/relación coordinadora
700 1# - PUNTO DE ACCESO ADICIONAL--NOMBRE DE PERSONA
9 (RLIN) 185400
Nombre de persona Antonio Fernández, Karen
Término indicativo de función/relación colaboradora
856 41 - LOCALIZACIÓN Y ACCESO ELECTRÓNICOS
Identificador Uniforme del Recurso <a href="http://10.13.5.2/ve/T_C_851_EIUPA/T_C_851_EIUPA_2020-PLANO-PROPUESTA_DE_AREAS_pdf">http://10.13.5.2/ve/T_C_851_EIUPA/T_C_851_EIUPA_2020-PLANO-PROPUESTA_DE_AREAS_pdf</a>
Texto de enlace DESCARGAR PLANO DE PROPUESTA DE ÁREA
856 41 - LOCALIZACIÓN Y ACCESO ELECTRÓNICOS
Identificador Uniforme del Recurso <a href="http://10.13.5.2/ve/T_C_851_EIUPA/T_C_851_EIUPA_2020-PLANO-EQUIPOS_pdf">http://10.13.5.2/ve/T_C_851_EIUPA/T_C_851_EIUPA_2020-PLANO-EQUIPOS_pdf</a>
Texto de enlace DESCARGAR PLANO EQUIPOS
856 41 - LOCALIZACIÓN Y ACCESO ELECTRÓNICOS
Identificador Uniforme del Recurso <a href="http://10.13.5.2/ve/T_C_851_EIUPA/T_C_851_EIUPA_2020-PLANO-DIAGRMA_DE_RECORRIDO_pdf">http://10.13.5.2/ve/T_C_851_EIUPA/T_C_851_EIUPA_2020-PLANO-DIAGRMA_DE_RECORRIDO_pdf</a>
Texto de enlace DESCARGAR PLANO DIAGRAMA DE RECORRIDO
856 41 - LOCALIZACIÓN Y ACCESO ELECTRÓNICOS
Identificador Uniforme del Recurso <a href="http://10.13.5.2/ve/T_C_851_EIUPA/T_C_851_EIUPA_2020-PLANO-DIAGRAMA_DE_FLUJO_pdf">http://10.13.5.2/ve/T_C_851_EIUPA/T_C_851_EIUPA_2020-PLANO-DIAGRAMA_DE_FLUJO_pdf</a>
Texto de enlace DESCARGAR DIAGRAMA DE FLUJO
856 41 - LOCALIZACIÓN Y ACCESO ELECTRÓNICOS
Identificador Uniforme del Recurso <a href="http://10.13.5.2/ve/T_C_851_EIUPA/TC_851_EIUPA_2020-PLANO-AREAS_pdf">http://10.13.5.2/ve/T_C_851_EIUPA/TC_851_EIUPA_2020-PLANO-AREAS_pdf</a>
Texto de enlace DESCARGAR PLANO DE ÁREAS
856 41 - LOCALIZACIÓN Y ACCESO ELECTRÓNICOS
Identificador Uniforme del Recurso <a href="http://10.13.5.2/ve/T_C_851_EIUPA/T_C_851_EIUPA_2020-REPORTE_pdf">http://10.13.5.2/ve/T_C_851_EIUPA/T_C_851_EIUPA_2020-REPORTE_pdf</a>
Texto de enlace DESCARGAR REPORTE
Holdings
Estado de retiro Estado de pérdida Fuente del sistema de clasificación o colocación Estado dañado Restricciones de uso No para préstamo Código de colección Localización permanente Ubicación/localización actual Fecha de adquisición Fuente de adquisición Total de préstamos Signatura topográfica completa Código de barras Fecha visto por última vez Número de copia Tipo de ítem Koha Ubicación en estantería Precio válido a partir de
    Clasificación Universidad Autónoma de Chapingo   Préstamo interno   Viajes de Estudio Ingenieria Agroindustrial Ingenieria Agroindustrial 10/08/2022 El autor   T.C.851 V45 EIUPA 2020 1106013579 26/01/2026 Ej. 1 Viaje de Estudios    
    Clasificación Universidad Autónoma de Chapingo       Viajes de estudio - En línea Ingenieria Agroindustrial Ingenieria Agroindustrial 23/02/2023 El autor   T.C.851 V45 EIUPA 2020 1206013579 23/02/2023   Viajes de Estudio - En línea En línea 23/02/2023